NFL player colleges - Statistics

General Stats
  • This quiz has been taken 40 times
    36 since last reset
  • The average score is 87 of 183
Answer Stats
Player College % Correct
Vince Young Texas
97%
Derrick Henry Alabama
93%
Rob Gronkowski Arizona
93%
Lamar Jackson Louisville
93%
TJ Carrie Ohio
93%
Peyton Manning Tennessee
93%
Deshaun Watson Clemson
90%
Tim Tebow Florida
90%
Nick Chubb Georgia
90%
Joe Burrow LSU
90%
Dak Prescott Mississippi State
90%
Justin Herbert Oregon
90%
Christian McCaffrey Stanford
90%
Patrick Mahomes Texas Tech
90%
Sam Darnold USC
90%
Robert Griffin III Baylor
86%
Dalvin Cook Florida State
86%
Charles Woodson Michigan
86%
Chase Young Ohio State
86%
Kyler Murray Oklahoma
86%
Saquon Barkley Penn State
86%
Drew Brees Purdue
86%
Johnny Manziel Texas A&M
86%
Jake Locker Washington
86%
Russell Wilson Wisconsin
86%
Josh Allen (QB) Wyoming
86%
Matt Ryan Boston College
83%
Travis Kelce Cincinnati
83%
Calvin Johnson Georgia Tech
83%
Kirk Cousins Michigan State
83%
Mitch Trubisky North Carolina
83%
Larry Fitzgerald Pittsburgh
83%
Jadeveon Clowney South Carolina
83%
Andy Dalton TCU
83%
Alex Smith Utah
83%
Matt Schaub Virginia
83%
Aaron Rodgers California
79%
Aqib Talib Kansas
79%
Brandon Weeden Oklahoma State
79%
DK Metcalf Ole Miss
79%
Jake Luton Oregon State
79%
Gardner Minshew Washington State
79%
Bo Jackson Auburn
76%
Daniel Jones Duke
76%
Desmond King Iowa
76%
Jordy Nelson Kansas State
76%
Joe Montana Notre Dame
76%
Michael Vick Virginia Tech
76%
Geno Smith West Virginia
76%
Pat Tillman Arizona State
72%
Hunter Henry Arkansas
72%
Khalil Mack Buffalo
72%
Ben Roethlisberger Miami (OH)
72%
Antoine Winfield Jr Minnesota
72%
Colin Kaepernick Nevada
72%
Taysom Hill BYU
69%
Randall Cobb Kentucky
69%
Philip Rivers NC State
69%
Ameer Abdullah Nebraska
69%
Deestroying UCF
69%
Jordan Love Utah State
69%
Antonio Brown Central Michigan
66%
David Bakhtiari Colorado
66%
Derek Carr Fresno State
66%
Ryan Fitzpatrick Harvard
66%
Brian Urlacher New Mexico
66%
Maurice Jones Drew UCLA
66%
Cortland Sutton SMU
62%
Donovan McNabb Syracuse
62%
Jay Cutler Vanderbilt
62%
Tony Romo Eastern Illinois
59%
Tevin Coleman Indiana
59%
Randy Moss Marshall
59%
Torrey Smith Maryland
59%
Antonio Gibson Memphis
59%
Michael Sam Missouri
59%
Brett Favre Southern Miss
59%
Alejandro Villanueva Army
55%
Joe Flacco Delaware
55%
Case Keenum Houston
55%
Allen Lazard Iowa State
55%
Ray Rice Rutgers
55%
Adam Vinatieri South Dakota State
55%
Aaron Jones UTEP
55%
Jay Ajayi Boise State
52%
Vontae Davis Illinois
52%
Michael Gallup Colorado State
48%
Alfred Morris Florida Atlantic
48%
TY Hilton Florida International
48%
Malcolm Perry Navy
48%
Davon House New Mexico State
48%
Jason Pierre-Paul South Florida
48%
Chris Johnson "CJ2K" East Carolina
45%
Will Lutz Georgia State
45%
Mean Joe Greene North Texas
45%
Maxx Crosby Eastern Michigan
41%
James Harrison Kent State
41%
Trevor Siemian Northwestern
41%
Ronnie Hillman San Diego State
41%
DRC Tennessee State
41%
Ty Nsekhe Texas State
41%
Matt Forte Tulane
41%
Victor Cruz UMass
41%
Marcus Davenport UTSA
41%
Greg Jennings Western Michigan
41%
Ben Garland Air Force
38%
J.D McKissic Arkansas State
38%
Josh Norman Coastal Carolina
38%
Cooper Kupp Eastern Washington
38%
Kenny Golladay Northern Illinois
38%
Rock Ya-Sin Temple
38%
Lance Moore Toledo
38%
Jerry Kramer Idaho
34%
Ben DiNucci James Madison
34%
Jerry Rice Mississippi Valley State
34%
Chris Boswell Rice
34%
Demarcus Ware Troy
34%
Steve Largent Tulsa
34%
Donald Brown UConn
34%
Randall Cunningham UNLV
34%
Jason Taylor Akron
31%
Jovan Belcher Maine
31%
Dwyane "The Rock" Johnson Miami (FL)
31%
Dan Carpenter Montana
31%
Kurt Warner Northern Iowa
31%
Jack Doyle Western Kentucky
31%
Larry Ogunjobi Charlotte
28%
Jason Elam Hawaii
28%
Carson Wentz NDSU
28%
Tanoh Kpassagnon Villanova
28%
Robert Mathis Alabama A&M
24%
Terrell Owens Chattanooga
24%
James Robinson Illinois State
24%
Travis Fulgham Old Dominion
24%
Gerald Everett South Alabama
24%
Tyson Clabo Wake Forest
24%
Brian Quick Appalachian State
21%
Willie Snead Ball State
21%
Younghoe Koo Georgia Southern
21%
Jared Allen Idaho State
21%
Antonio Gandy-Golden Liberty
21%
Jeff Garcia San Jose State
21%
Jeremy Chinn Southern Illinois
21%
Michael Strahan Texas Southern
21%
Sam Hunt UAB
21%
Steve McNair Alcorn State
17%
Shaun Suisham Bowling Green
17%
Walter Payton Jackson State
17%
Richie James Middle Tennessee State
17%
Brandon Carr Grand Valley State
14%
Vincent Jackson Northern Colorado
14%
Larry Centers Stephen F. Austin
14%
Jason Garrett Columbia
10%
Chase Edmonds Fordham
10%
Antoine Bethea Howard
10%
John Brown Pittsburgh State
10%
Rashean Mathis Bethune-Cookman
7%
Jahri Evans Bloomsberg
7%
James Develin Brown
7%
Aaron Rodgers before he transferred Butte JC
7%
JC Tretter Cornell
7%
Tarik Cohen NC A&T
7%
Julius Thomas Portland State
7%
Josh McCown Sam Houston State
7%
Darius Leonard SC State
7%
Danny Woodhead Chadron State
3%
Jerome Felton Furman
3%
Ali Marpet Hobart
3%
Charles Tillman LA-Lafayette
3%
Marty Booker LA-Monroe
3%
Jeff Driskel LA Tech
3%
Jason Myers Marist
3%
Greg Zuerlein Missouri Western State
3%
Miles Austin Monmouth
3%
Sam Mills Montclair State
3%
Justin Bethel Presbyterian
3%
Wale (Breifly) Robert Morris
3%
John Kuhn Shippensburg
3%
Jake Kumerow UW-Whitewater
3%
Delanie Walker Central Missouri
0%
Larry Allen Somana State
0%
Junior Galette Stillman
0%
Dan Arnold UW-Plattville
0%
No matching quizzes found
Score Distribution
Percent of People with Each Score
Percentile by Number Answered
Your Score History
You have not taken this quiz since the last reset